| 000 | 00751nam a22001817a 4500 | ||
|---|---|---|---|
| 003 | OSt | ||
| 005 | 20260227151149.0 | ||
| 008 | 240530b ||||| |||| 00| 0 eng d | ||
| 040 | _cAIMIT LIBRARY | ||
| 100 |
_aDsouza, Nisha Roshni. _e2016093 _9168500 |
||
| 245 |
_aStudy on implementation of total quality management practices in kalyaniram polyplast industry pvt ltd Mangalore / _cBy Nisha Roshni Dsouza ; Guided by Swapna Rose. |
||
| 260 |
_aMangalore ; _c2022. |
||
| 650 |
_aIndustry profile company profile and introduction to study _9168501 |
||
| 650 |
_aProblem identification _9168502 |
||
| 700 |
_aRose, Swapna. _eGuide _9168503 |
||
| 856 |
_3Kalyaniram polyplast private limited. _uwww.kalyaniware.com _ywww.kalyaniware.com |
||
| 942 |
_2ddc _cPRO |
||
| 999 |
_c230965 _d230965 |
||